000 00931cam a22002531i 4500
003 SA-RiAUC
005 20250211073145.0
008 250209s1999 le g 000 f ara c
020 _a1855163810
040 _aSA-RiKAPL
_bara
_cSA-RiAUC
_erda
082 0 4 _a813.03
_qSA-RiAUC
090 _a813.03
_bح م د
100 1 _aالحمد، تركي حمد تركي،
_d1372 هجري-
_eمؤلف.
245 1 0 _aشرق الوادي :
_bأسفار من أيام الانتظار /
_cتركي الحمد.
250 _aالطبعة الأولى.
264 1 _aبيروت :
_bدار الساقي،
_c1999
300 _a296 صفحة ؛
_c22 سم
336 _aنص
_btxt
_2rdacontent
_3كتاب
337 _aبدون وسيط
_bn
_2rdamedia
338 _aمجلد
_bnc
_2rdacarrier
650 1 7 _aالقصص العربية
_zالسعودية
_yقرن 14 هجري
_2aucsh
942 _2ddc
_cBOOK
_n0
949 _aSA-JeALM
_d250209
_umohamedma123
_n1
999 _c5814
_d5814